Fiestas de Lima por el nacimiento del Príncipe Baltasar Carlos : (Record no. 41248)
[ view plain ]
| 000 -LEADER | |
|---|---|
| campo de control de longitud fija | 01410nam a2200277 i 4500 |
| 001 - NÚMERO DE CONTROL | |
| campo de control | 41248 |
| 003 - IDENTIFICADOR DE NÚMERO DE CONTROL | |
| campo de control | ES-MaACL |
| 005 - FECHA Y HORA DE LA ÚLTIMA TRANSACCIÓN | |
| campo de control | 20250805073012.0 |
| 007 - CAMPO FIJO DE DESCRIPCIÓN FÍSICA--INFORMACIÓN GENERAL | |
| campo de control de longitud fija | t| |
| 008 - DATOS DE LONGITUD FIJA--INFORMACIÓN GENERAL | |
| campo de control de longitud fija | 030310s1950 sp ||||1| spa d |
| 080 ## - NÚMERO DE LA CLASIFICACIÓN DECIMAL UNIVERSAL | |
| Número de la Clasificación Decimal Universal | 821.134.2-16"16" |
| 100 1# - ENTRADA PRINCIPAL--NOMBRE DE PERSONA | |
| Nombre de persona | Carvajal y Robles, Rodrigo de. |
| 9 (RLIN) | 35950 |
| 245 10 - MENCIÓN DEL TÍTULO | |
| Título | Fiestas de Lima por el nacimiento del Príncipe Baltasar Carlos : |
| Resto del título | Lima 1632 / |
| Mención de responsabilidad, etc. | Rodrigo de Carvajal y Robles ; prólogo y edición de Francisco López Estrada. |
| 250 ## - MENCION DE EDICION | |
| Mención de edición | 1ª ed. |
| 260 ## - PUBLICACIÓN, DISTRIBUCIÓN, ETC. | |
| Lugar de publicación, distribución, etc. | Sevilla : |
| Nombre del editor, distribuidor, etc. | Escuela de Estudios Hispano-Americanos de Sevilla, |
| Fecha de publicación, distribución, etc. | 1950. |
| 300 ## - DESCRIPCIÓN FÍSICA | |
| Extensión | XXIV, 194 p., [2] p. de lám. ; |
| Dimensiones | 21 cm. |
| 490 1# - MENCIÓN DE SERIE | |
| Mención de serie | Publicaciones de la Escuela de Estudios Hispano-Americanos de Sevilla ; |
| Designación de volumen o secuencia | 57. Serie 7ª ; |
| -- | 5 |
| 534 ## - NOTA SOBRE LA VERSIÓN ORIGINAL | |
| Frase introductoria | Reprod. de: |
| Encabezamiento principal del original | Fiestas que celebro la ciudad de los Reyes del Piru, al nacimiento del serenissimo Principe don Baltasar Carlos de Austria nuestro señor, |
| Mención de edición del original | Impresso en Lima : por Geronymo de Contreras, 1632. |
| 600 14 - PUNTO DE ACCESO ADICIONAL DE MATERIA--NOMBRE DE PERSONA | |
| Nombre de persona | Austria, Baltasar Carlos de, |
| Títulos y otros términos asociados al nombre | Príncipe de Asturias, |
| Fechas asociadas al nombre | 1629-1646 |
| 9 (RLIN) | 173100 |
| 650 #4 - PUNTO DE ACCESO ADICIONAL DE MATERIA--TÉRMINO DE MATERIA | |
| Término de materia o nombre geográfico como elemento de entrada | Fiestas- |
| Subdivisión geográfica | Perú. |
| 9 (RLIN) | 173101 |
| 700 0# - ENTRADA AGREGADA--NOMBRE PERSONAL | |
| Nombre de persona | López Estrada, Francisco, |
| Fechas asociadas al nombre | 1918-2010 |
| 9 (RLIN) | 73627 |
| 710 2# - ENTRADA AGREGADA--NOMBRE DE ENTIDAD CORPORATIVA | |
| Nombre de entidad corporativa o nombre de jurisdicción como elemento de entrada | Escuela de Estudios Hispano-Americanos (Sevilla) |
| 9 (RLIN) | 134366 |
| 830 1# - PUNTO DE ACCESO ADICIONAL DE SERIE-TÍTULO UNIFORME | |
| Título uniforme | Publicaciones de la Escuela de Estudios Hispano-Americanos de Sevilla ; |
| Designación de volumen o secuencia | 57. Serie 7ª ; |
| -- | 5 |
| 9 (RLIN) | 180625 |
| 852 ## - LOCALIZACIÓN | |
| Ubicación | ES-MaACL |
| Número de control de estantería | D-5869 |
| Estatus retirado | Estado de pérdida | Estado de daño | No para préstamo | Biblioteca de origen | Biblioteca actual | Ubicación en estantería | Fecha de adquisición | Fuente de adquisición | Total de préstamos | Signatura topográfica completa | Código de barras | Visto por última vez | Precio de reemplazo | Tipo de ítem Koha |
|---|---|---|---|---|---|---|---|---|---|---|---|---|---|---|
| Biblioteca del Ateneo de Madrid | Biblioteca del Ateneo de Madrid | Sala Valle Inclán | 17/01/2008 | D-5869 | 901043426 | 23/02/2023 | 23/02/2023 | Libro impreso |
